Classic Rock Music - Statistics

General Stats
  • This quiz has been taken 3,367 times
  • The average score is 19 of 26
Answer Stats
Hint Answer % Correct
Its My Life, Livin On A Prayer Bon Jovi
92%
November Rain, Welcome To The Jungle Guns N Roses
92%
You Shook Me All Night Long, Back In Black AC/DC
90%
Hey You, Another Brick In The Wall Pink Floyd
89%
Life In The Fast Lane, Hotel California Eagles
88%
Come As You Are, Lithium Nirvana
87%
Californication, Under The Bridge Red Hot Chili Peppers
84%
War Pigs, Iron Man Black Sabbath
83%
Somebody To Love, Fat Bottomed Girls Queen
83%
Nothing Else Matters, For Whom The Bell Tolls Metallica
80%
Ramble On, Kashmir Led Zeppelin
75%
Crazy Train, No More Tears Ozzy Osbourne
74%
Imagine, Stand By Me John Lennon
73%
Satisfaction, Gimme Shelter The Rolling Stones
72%
More Than A Feeling, Peace of Mind Boston
70%
Carry On My Wayward Son, Dust In The Wind Kansas
69%
Good Bye Yellow Brick Road, Have Mercy On The Criminal Elton John
67%
The Trooper, Number Of The Beast Iron Maiden
64%
Down On The Corner, Fortunate Son Creedence Clearwater Revival
62%
Tears In Heaven, I Shot The Sheriff Eric Clapton
62%
Alive, Jeremy Pearl Jam
58%
Born To Be Wild, Magic Carpet Ride Steppenwolf
57%
Rebel Rebel, Lazarus David Bowie
54%
Wheel In The Sky, Any Way You Want It Journey
51%
Tuesdays Gone, Simple Man Lynyrd Skynyrd
50%
Lomg Road To Ruin, Pretender Foo Fighters
41%
No matching quizzes found
Score Distribution
Percent of People with Each Score
Percentile by Number Answered
Your Score History
You have not taken this quiz